1188 1016 1013 1964 1445 1378 1283 1707 1489 1490 1415 1183 1764 1947 1769 1674 1357 1345 1699 1725 1211 1608 1338 1545 1225 1916 1614 1356 1440 1026 1316 1166 1391 1043 1821 1234 1871 1527 1155 1036 1108 1020 1049 1100 1681 1699 1828 1670 1377 1309 1481 1231 1385 1561 1831 1922 1548 1661 1320 1088 1888 1999 1653 1935 1382 1228 1787 1215 1217 1713 1372 1986 1577 1519 1408 1898 1393 1011 1565 1075 1189 1810 1763 1148 1801 1026 1494 1093 1660 1968 1218 1363 1761 1658 1321 1272 1037 1487 1107 BCNSPRNW ULIB Ver.6.0+V

เปลี่ยนเป็นภาษาไทย

Change to English
 แสดงรายละเอียดบรรณานุกรม
  กลับหน้าหลัก

Brief Record : Get Marc (ISO 2709) : E-mail record : QR code < ปิดหน้าต่าง
LEADER : 00000nam 2200000uu 4500
001    13399109307
003     ULIB
008    110328s2545||||th 000 0 tha d
020    97446570006
060 04 WA546.JT3^bศ653ห 2545
110 1  กระทรวงสาธารณสุข^bสำนักนโยบายและยุทธศาสตร์^bกลุ่มสนับสนุนและพัฒนาการกระจายอำนาจด้านสุขภาพ
245 00 1 ปี การกระจายอำนาจด้านสุขภาพ:กรณีศึกษา 10 จังหวัด /^cกลุ่มสนับสนุนและพัฒนาการกระจายอำนาจด้านสุขภาพ สำนักนโยบายและยุทธศาสตร์ กระทรวงสาธารณสุข ; เรียบเรียง,ศิริพรรณ พันธุมะโอภาส ... [และคนอื่นๆ]
250    พิมพ์ครั้งที่ 1
260    นนทบุรี :^bสำนักงานสนับสนุนและพัฒนาการกระจายอำนาจด้านสุขภาพ (สพกส.),^c2545
300    86 หน้า
650  7 การกระจายอำนาจด้านสุขภาพ
700 0  ศิริพรรณ พันธุมะโอภาส
700 0  รำไพ แก้ววิเชียร
700 0  ทัศนีย์ บัวคำ
945    ^p0^l0^i019089
945    ^p0^l0^i019088
995    ทศพร
999 ^a ใช้งานได้ทุกระบบ
รายการนี้ยังไม่มีแท็ก
คุณยังไม่ได้ล็อกอิน คุณสามารถมีกิจกรรมร่วมกับเว็บไซต์ได้ แต่ต้องล็อกอินก่อน ::
  ล็อกอิน

รายการสื่อสารสนเทศ

ลำดับที่ ประเภท เลขเรียก/บาร์โค้ด สถานที่ สถานะ
- ไม่พบข้อมูล -

รายการใกล้เคียง
    หัวเรื่อง [การกระจายอำนาจด้านสุขภาพ]

BibComment


ยังไม่เคยถูกคอมเมนท์

คอมเมนท์ทรัพยากรรายการนี้
  คอมเมนท์: 1 ปี การกระจายอำน..


 Copyright 2026. Bcnsprnw @Library